Del reformismo cooperativo al cooperativismo empresario /

En el artículo se dar a conocer los resultados de la investigación que se origina en la necesidad de conocer con mayor profundidad la temática del cooperativismo en el país. Este se presenta como una alternativa de democratización de la economía y de la estructura social al posibilitar, al menos teó...

ver descrição completa

Na minha lista:
Detalhes bibliográficos
Autor principal: Romero Saint Bonnet, María Cristina
Formato: Texto
Assuntos:
Tags: Adicionar Tag
Sem tags, seja o primeiro a adicionar uma tag!

MARC

LEADER 00000 a a2200000 04500
001 15185
003
040
100 |a Romero Saint Bonnet, María Cristina  
245 |a Del reformismo cooperativo al cooperativismo empresario /  |c María Cristina Romero Saint Bonnet  
520 |a En el artículo se dar a conocer los resultados de la investigación que se origina en la necesidad de conocer con mayor profundidad la temática del cooperativismo en el país. Este se presenta como una alternativa de democratización de la economía y de la estructura social al posibilitar, al menos teóricamente, el ejercicio colectivo de la propiedad y la distribución equitativa de excedentes, frente al régimen de propiedad y apropiación individual prevaleciente. Se estudia la educación y formación cooperativista en Costa Rica, el cual según estudios previos demuestran dificultades que es necesario profundizar. Para lo cual se propone que se analice si la educación en sus contenidos responde a las necesidades del desarrollo cooperativo. En detalle se estudia el desarrollo del cooperativismo y las políticas estatales (los primeros años, su expansión, la reactivación, la crisis del cooperativismo), el movimiento cooperativo y su posición ante la crisis. HMBQ/HMBQ  
650 |a PUB.IIS  
650 |a COOPERATIVAS  
650 |a HISTORIA  
650 |a CRISIS  
650 |a PROBLEMAS SOCIALES  
650 |a PARTICIPACION COMUNITARIA  
773 |g número 77; páginas 115-133  
999 |c 21457  |d 21457 
773 0 |0 18728  |9 3055  |a Universidad de Costa Rica  |d San José, Costa Rica Editorial UCR 1956-  |o 16966  |t Revista de Ciencias Sociales/  |x 04825276